|
|
|
|
| LEADER |
00000nas a2200000 a 4500 |
| 001 |
ssj0005498 |
| 003 |
WaSeSS |
| 005 |
20200512172242.0 |
| 006 |
m d |
| 007 |
cr n |
| 008 |
000721c19629999enkqr pss o 0 a0eng c |
| 010 |
|
|
|a 00227321
|
| 015 |
|
|
|a GBB400884
|2 bnb
|
| 016 |
7 |
|
|a 020553455
|2 DE-101
|
| 016 |
7 |
|
|a 2017943-1
|2 DE-600
|
| 016 |
7 |
|
|a 20179431
|2 de-600
|
| 016 |
7 |
|
|a 012087635
|2 Uk
|
| 022 |
|
|
|a 1474-001X
|l 0007-0874
|y 0007-0874
|
| 035 |
|
|
|a (WaSeSS)ssj0005498
|
| 037 |
|
|
|b Cambridge University Press, The Edinburgh Building, Shaftesbury Road, Cambridge CB2 2RU, United Kingdom
|
| 040 |
|
|
|a EXW
|b eng
|e pn
|c EXW
|d EYM
|d OCLCQ
|d IUL
|d OCLCQ
|d F#A
|d EYM
|d HLS
|d RUQBL
|d OCLCQ
|d OCLCE
|d OCLCQ
|d GBVCP
|d OCLCO
|d OCLCF
|d OCLCO
|d EUW
|d OCLCO
|d OCLCQ
|d DEBBG
|d VT2
|d RCE
|d GILDS
|d OCLCA
|d U3W
|d UOK
|d NLE
|d OCLCO
|d OCLCA
|d AU@
|d OCLCO
|d UKMGB
|d OCLCA
|d UKBTH
|d OCLCO
|d UHL
|d OCLCO
|d OCLCA
|d LIP
|d OCLCO
|d SFB
|d OCLCO
|d UEJ
|d DLC
|d WaSeSS
|
| 042 |
|
|
|a pcc
|a dlr
|
| 050 |
0 |
0 |
|a Q125
|
| 060 |
0 |
0 |
|a W1
|b BR472
|
| 082 |
0 |
4 |
|a 509
|
| 130 |
0 |
|
|a British journal for the history of science (Online)
|
| 245 |
1 |
4 |
|a The British journal for the history of science
|h [electronic resource].
|
| 246 |
1 |
3 |
|a BJHS
|f March 1982-
|
| 260 |
|
|
|a Ravensmead, Kent :
|b British Society for the History of Science
|
| 310 |
|
|
|a Quarterly,
|b 1987-
|
| 321 |
|
|
|a Semiannual,
|b 1962-1973
|
| 321 |
|
|
|a Three issues per year,
|b 1974-1986
|
| 362 |
1 |
|
|a Began with vol. 1, no. 1 (June 1962).
|
| 500 |
|
|
|a Imprint varies: Oxford : Blackwell Scientific Publications for the British Society for the History of Science, 1986-1990; Cambridge : Cambridge University Press for the British Society for the History of Science, 1991-
|
| 506 |
|
|
|a License restrictions may limit access.
|
| 538 |
|
|
|a Master and use copy. Digital master created according to Benchmark for Faithful Digital Reproductions of Monographs and Serials, Version 1. Digital Library Federation, December 2002.
|u http://purl.oclc.org/DLF/benchrepro0212
|5 MiAaHDL
|
| 538 |
|
|
|a Mode of access: World Wide Web.
|
| 550 |
|
|
|a Published for the British Society for the History of Science.
|
| 583 |
1 |
|
|a digitized
|c 2010
|h HathiTrust Digital Library
|l committed to preserve
|5 MiAaHDL
|2 pda
|
| 588 |
|
|
|a Description based on first issue; title from cover (JSTOR, viewed Oct. 31, 2007).
|
| 588 |
|
|
|a Latest issue consulted: Vol. 52, issue 4 (Dec. 2019) (Cambridge Journals online, viewed Apr. 21, 2020).
|
| 650 |
|
0 |
|a Science
|x History
|v Periodicals.
|
| 650 |
|
2 |
|a Science
|x history.
|
| 650 |
|
6 |
|a Sciences
|x Histoire
|v Périodiques.
|
| 650 |
|
7 |
|a Science.
|2 fast
|0 (OCoLC)fst01108176
|
| 650 |
|
7 |
|a Naturwissenschaften
|2 gnd
|
| 650 |
|
7 |
|a Geschichte
|2 gnd
|
| 650 |
|
7 |
|a Zeitschrift
|2 gnd
|
| 650 |
|
7 |
|a Online-Ressource
|2 gnd
|
| 650 |
|
7 |
|a Wissenschaft
|2 gnd
|
| 650 |
1 |
7 |
|a Natuurwetenschappen.
|2 gtt
|
| 650 |
0 |
7 |
|a Naturwissenschaften.
|2 swd
|
| 650 |
0 |
7 |
|a Geschichte.
|2 swd
|
| 650 |
0 |
7 |
|a Zeitschrift.
|2 swd
|
| 650 |
0 |
7 |
|a Online-Publikation.
|2 swd
|
| 650 |
0 |
7 |
|a Wissenschaft.
|2 swd
|
| 655 |
|
0 |
|a Electronic journals.
|
| 710 |
2 |
|
|a British Society for the History of Science.
|
| 776 |
0 |
8 |
|i Print version:
|t British journal for the history of science
|x 0007-0874
|w (DLC) 66084749
|w (OCoLC)1537266
|
| 780 |
0 |
0 |
|t Bulletin of the British Society for the History of Science
|w (DLC) 2007265254
|w (OCoLC)175290661
|
| 850 |
|
|
|a DLC
|
| 853 |
2 |
0 |
|8 1
|a v.
|b issue
|u 4
|v r
|i (year)
|j (month)
|w q
|x 03
|y pm03,06,09,12
|
| 856 |
4 |
0 |
|z Full text available from Research Library: 03/01/2001 to 1 year ago
|u https://search.proquest.com/publication/7133
|
| 863 |
4 |
1 |
|8 1.1
|a 30
|b 1
|i 1997
|j 03
|